The image of a second sun : Plato on poetry, rhetoric, and the Technē of Mimēsis (Record no. 53536)

MARC details
000 -LEADER
fixed length control field 00825nam a2200253Ia 4500
008 - FIXED-LENGTH DATA ELEMENTS--GENERAL INFORMATION
fixed length control field 191130s2006##################000#0#eng##
020 ## - INTERNATIONAL STANDARD BOOK NUMBER
ISBN 9781591024316
082 ## - DEWEY DECIMAL CLASSIFICATION NUMBER
Classification number 184 MIT
100 ## - MAIN ENTRY--AUTHOR NAME
Personal name Mitscherling, Jeffrey Anthony
245 ## - TITLE STATEMENT
Title The image of a second sun : Plato on poetry, rhetoric, and the Technē of Mimēsis
Statement of responsibility, etc Jeff Mitscherling
260 ## - PUBLICATION, DISTRIBUTION, ETC. (IMPRINT)
Place of publication Amherst, NY
Name of publisher Humanity Books
Year of publication c2006
300 ## - PHYSICAL DESCRIPTION
Number of Pages 468p. ; 24cm
500 ## - GENERAL NOTE
General note Includes bibliographical references and index
650 ## - SUBJECT ADDED ENTRY--TOPICAL TERM
Topical Term Aesthetics, Ancient
Topical Term Mimesis in literature
Topical Term Plato
Topical Term Poetry, Ancient - History and criticism
Topical Term Rhetoric, Ancient - History and criticism
991 ## -
-- 292921
Holdings
Withdrawn status Lost status Damaged status Not for loan Home library Current library Shelving location Date acquired Full call number Accession Number Price effective from Koha item type
        Anna Centenary Library Anna Centenary Library 3RD FLOOR, A WING 09.10.2020 184 MIT 426894 09.10.2020 English Books

Find us on the map